[Event "TCh-POL Ekstraliga 2018"]
[Site "Poland POL"]
[Date "2018.06.10"]
[Round "3.4"]
[Board "6"]
[White "Majdan, Joanna"]
[Black "Przezdziecka, Ewa"]
[Result "1-0"]
[WhiteTitle "WGM"]
[BlackTitle "WFM"]
[WhiteElo "2371"]
[BlackElo "2165"]
[WhiteTeam "WIEZA PEGOW"]
[BlackTeam "Bialy Krol Wisznia Mala"]
[WhiteFideId "1121979"]
[BlackFideId "1125591"]
[EventDate "2018.06.08"]

1. e4 e5 2. Nf3 Nf6 3. Nxe5 d6 4. Nf3 Nxe4 5. c4 Be7 6. d4 Bg4 7. h3 Bh5 8. Qb3
Bxf3 9. gxf3 Ng5 10. Qxb7 Nd7 11. f4 Ne6 12. Be3 Rb8 13. Qxa7 Rxb2 14. f5 Ng5
15. Bg2 h5 16. Nc3 O-O 17. Qa3 Rb8 18. Nd5 Nb6 19. Nxe7+ Qxe7 20. Qd3 d5 21.
cxd5 Rfd8 22. O-O Nxd5 23. Bd2 Nb4 24. Qe3 Qxe3 25. Bxe3 Nh7 26. Rfc1 Nd5 27.
Rc5 Nhf6 28. a4 Nxe3 29. fxe3 Rb3 30. a5 Rdb8 31. a6 Rb1+ 32. Rc1 Rxc1+ 33. Rxc1
Nd7 34. a7 1-0

[Event "TCh-POL Ekstraliga 2018"]
[Site "Poland POL"]
[Date "2018.06.10"]
[Round "3.5"]
[Board "1"]
[White "Klekowski, Maciej"]
[Black "Piorun, Kacper"]
[Result "1/2-1/2"]
[WhiteTitle "IM"]
[BlackTitle "GM"]
[WhiteElo "2509"]
[BlackElo "2631"]
[WhiteTeam "TS Wisla Krakow"]
[BlackTeam "KSz Stilon Gorzow Wlkp."]
[WhiteFideId "1132717"]
[BlackFideId "1130420"]
[EventDate "2018.06.08"]

1. c4 e5 2. g3 d6 3. Nc3 g6 4. d4 Bg7 5. Nf3 exd4 6. Nxd4 Ne7 7. Bg2 Nbc6 8.
Nxc6 Nxc6 9. Qd2 a5 10. b3 a4 11. Rb1 axb3 12. axb3 Bf5 13. e4 Be6 14. Bb2 O-O
15. Ne2 Ra2 16. Nc3 Ra8 17. Ne2 Ra2 18. Nc3 Ra8 1/2-1/2

[Event "TCh-POL Ekstraliga 2018"]
[Site "Poland POL"]
[Date "2018.06.10"]
[Round "3.5"]
[Board "2"]
[White "Krasenkow, Michal"]
[Black "Matuszewski, Michal"]
[Result "1/2-1/2"]
[WhiteTitle "GM"]
[BlackTitle "IM"]
[WhiteElo "2631"]
[BlackElo "2505"]
[WhiteTeam "KSz Stilon Gorzow Wlkp."]
[BlackTeam "TS Wisla Krakow"]
[WhiteFideId "1113100"]
[BlackFideId "1129775"]
[EventDate "2018.06.08"]

1. Nf3 c5 2. c4 Nc6 3. d4 cxd4 4. Nxd4 Nf6 5. Nc3 g6 6. e4 d6 7. Be2 Bg7 8. Be3
O-O 9. O-O Bd7 10. f4 Nxd4 11. Bxd4 Bc6 12. Bf3 Nd7 13. Bxg7 Kxg7 14. Kh1 Qb6
15. Qe2 f6 16. Nd5 Bxd5 17. exd5 Rfe8 18. b3 a5 19. Qb2 Nc5 20. Rab1 Nd3 21. Qd2
Nc5 22. Qb2 Nd3 23. Qe2 Nxf4 24. Qe4 e5 25. dxe6 Nxe6 26. Qxb7+ Qxb7 27. Bxb7
Ra7 28. Bc6 Rc8 29. Bd5 Nc5 30. a3 Re7 31. b4 axb4 32. axb4 Na4 33. Rbe1 Rxe1
34. Rxe1 Nc3 35. Re7+ Kh6 36. Be6 Rb8 37. h4 Rxb4 38. Bg8 Kh5 39. Rxh7+ Kg4 40.
Kh2 Ne2 41. Bd5 Nf4 42. Bf3+ Kf5 43. Re7 Rb2 44. Re1 g5 45. Be4+ Kg4 46. hxg5
Kxg5 47. Rd1 Rb6 48. Ra1 Ng6 49. Bxg6 1/2-1/2

[Event "TCh-POL Ekstraliga 2018"]
[Site "Poland POL"]
[Date "2018.06.10"]
[Round "3.5"]
[Board "3"]
[White "Tomczak, Mikolaj"]
[Black "Dragun, Kamil"]
[Result "1-0"]
[WhiteTitle "FM"]
[BlackTitle "GM"]
[WhiteElo "2418"]
[BlackElo "2601"]
[WhiteTeam "TS Wisla Krakow"]
[BlackTeam "KSz Stilon Gorzow Wlkp."]
[WhiteFideId "1175114"]
[BlackFideId "1134167"]
[EventDate "2018.06.08"]

1. Nf3 Nf6 2. c4 g6 3. Nc3 Bg7 4. e4 d6 5. d4 O-O 6. Be2 e5 7. Be3 exd4 8. Nxd4
Re8 9. f3 c6 10. Qd2 d5 11. exd5 cxd5 12. O-O Nc6 13. Rfd1 Nxd4 14. Bxd4 dxc4
15. Bxc4 Be6 16. Bb5 Rf8 17. Qf2 Qa5 18. Rac1 Rfd8 19. Bf1 Rd7 20. Bb5 Rd6 21.
Bf1 a6 22. Bc5 Rxd1 23. Rxd1 Rc8 24. Bd4 Qb4 25. a3 Qb3 26. Re1 Rd8 27. Be5 Nh5
28. Bxg7 Kxg7 29. Ne4 Qd5 30. b4 Nf6 31. Nc5 Bd7 32. Re3 Re8 33. Rd3 Qc6 34. Qd2
Be6 35. Rd6 Qc7 36. Qd4 Qe7 37. Ne4 h6 38. Bc4 Rf8 39. Qe5 1-0

[Event "TCh-POL Ekstraliga 2018"]
[Site "Poland POL"]
[Date "2018.06.10"]
[Round "3.5"]
[Board "4"]
[White "Heberla, Bartlomiej"]
[Black "Druska, Juraj"]
[Result "0-1"]
[WhiteTitle "GM"]
[BlackTitle "IM"]
[WhiteElo "2569"]
[BlackElo "2439"]
[WhiteTeam "KSz Stilon Gorzow Wlkp."]
[BlackTeam "TS Wisla Krakow"]
[WhiteFideId "1115120"]
[BlackFideId "14915650"]
[EventDate "2018.06.08"]

1. e4 c5 2. Nf3 d6 3. d4 cxd4 4. Nxd4 Nf6 5. Nc3 g6 6. Be2 Bg7 7. Nb3 O-O 8. g4
Nc6 9. g5 Nd7 10. Be3 Nb6 11. h4 Be6 12. Nd4 d5 13. Qd2 Ne5 14. b3 dxe4 15.
O-O-O Bf5 16. Qe1 Qc8 17. Kb1 Rd8 18. h5 Nd3 19. Nxf5 Qxf5 20. Qd2 Nd5 21. Nxd5
Rxd5 22. cxd3 exd3 23. Bxd3 Qe5 24. Rc1 Rxd3 25. Qe2 Qa1+ 26. Kc2 Qb2+ 27. Kxd3
Rd8+ 0-1

[Event "TCh-POL Ekstraliga 2018"]
[Site "Poland POL"]
[Date "2018.06.10"]
[Round "3.5"]
[Board "5"]
[White "Mikrut, Dariusz"]
[Black "Kanarek, Marcel"]
[Result "1/2-1/2"]
[WhiteTitle "IM"]
[BlackTitle "GM"]
[WhiteElo "2379"]
[BlackElo "2505"]
[WhiteTeam "TS Wisla Krakow"]
[BlackTeam "KSz Stilon Gorzow Wlkp."]
[WhiteFideId "1112791"]
[BlackFideId "1126822"]
[EventDate "2018.06.08"]

1. d4 Nf6 2. c4 g6 3. Nc3 Bg7 4. e4 d6 5. Nf3 O-O 6. Be2 e5 7. dxe5 dxe5 8. Qxd8
Rxd8 9. Bg5 c6 10. Nxe5 Re8 11. O-O-O Na6 12. Nf3 Bg4 13. e5 Nd7 14. h3 Bxf3 15.
Bxf3 Nxe5 16. Be2 Nc5 17. Be3 Ned7 18. Kc2 Bxc3 19. bxc3 Rxe3 20. fxe3 Re8 21.
Rhe1 Kf8 22. Bf1 Re5 23. Rd4 Ke7 24. g4 h5 25. h4 Ne6 26. Be2 Rxe3 27. gxh5 gxh5
28. Kd2 Re5 29. Rd3 Ra5 30. Ke3 Rxa2 31. Bxh5 Ne5 32. Rdd1 Nxc4+ 33. Kf3 Rc2 34.
Rd3 Nb2 35. Rde3 Nc4 36. Rd3 f6 37. Kg3 Ne5 38. Rde3 Nc7 39. Bg6 Rd2 40. h5 Kf8
41. Bf5 Kg7 42. Kh3 Nd5 43. Rg3+ Kh6 44. Rf1 Kxh5 45. Rg7 Ne3 46. Rh7+ 1/2-1/2

[Event "TCh-POL Ekstraliga 2018"]
[Site "Poland POL"]
[Date "2018.06.10"]
[Round "3.5"]
[Board "6"]
[White "Szczepkowska, Karina"]
[Black "Leks, Maria"]
[Result "0-1"]
[WhiteTitle "IM"]
[BlackTitle "WCM"]
[WhiteElo "2412"]
[BlackElo "2145"]
[WhiteTeam "KSz Stilon Gorzow Wlkp."]
[BlackTeam "TS Wisla Krakow"]
[WhiteFideId "1122681"]
[BlackFideId "1134957"]
[EventDate "2018.06.08"]

1. d4 d5 2. c4 c6 3. Nc3 Nf6 4. e3 e6 5. Nf3 Nbd7 6. Qc2 Bd6 7. g4 h6 8. Rg1 e5
9. Be2 e4 10. Nd2 a6 11. Qb3 c5 12. cxd5 cxd4 13. exd4 Qe7 14. Nf1 b5 15. h4 O-O
16. g5 hxg5 17. Bxg5 Nb6 18. Ne3 Bb4 19. Bg4 Qd6 20. Bxc8 Raxc8 21. Nf5 Bxc3+
22. bxc3 Qh2 23. Ne7+ Kh8 24. Ke2 e3 25. Bxe3 Rce8 26. d6 Nc4 27. Nf5 Nd5 28. d7
Rxe3+ 29. Nxe3 Nf4+ 30. Kf3 Nd2+ 31. Kg4 f5+ 32. Nxf5 Qh3+ 0-1

[Event "TCh-POL Ekstraliga 2018"]
[Site "Poland POL"]
[Date "2018.09.14"]
[Round "4.1"]
[Board "1"]
[White "Kempinski, Robert"]
[Black "Kryvoruchko, Yuriy"]
[Result "1/2-1/2"]
[WhiteTitle "GM"]
[BlackTitle "GM"]
[WhiteElo "2575"]
[BlackElo "2705"]
[WhiteTeam "KSz Miedz Legnica"]
[BlackTeam "KSz Stilon Gorzow Wlkp."]
[WhiteFideId "1105663"]
[BlackFideId "14109182"]
[EventDate "2018.06.08"]

1. d4 Nf6 2. c4 e6 3. Nf3 d5 4. Nc3 Be7 5. Bg5 h6 6. Bh4 O-O 7. e3 Nbd7 8. Bd3
dxc4 9. Bxc4 a6 10. a4 b6 11. O-O Bb7 12. Qe2 c5 13. Rfd1 cxd4 14. Nxd4 Qe8 15.
Bg3 Nc5 16. Bc7 Ncd7 17. e4 Rc8 18. Bg3 Bb4 19. e5 Bxc3 20. exf6 Bxd4 21. Rxd4
Nxf6 22. Bxa6 Bxa6 23. Qxa6 Qc6 24. Rd6 Qc1+ 25. Rxc1 Rxc1+ 26. Qf1 Rxf1+ 27.
Kxf1 Nd5 28. Rc6 Ra8 29. b3 Kf8 30. Be5 f6 31. Bd6+ 1/2-1/2

[Event "TCh-POL Ekstraliga 2018"]
[Site "Poland POL"]
[Date "2018.09.14"]
[Round "4.1"]
[Board "2"]
[White "Piorun, Kacper"]
[Black "Bobras, Piotr"]
[Result "1-0"]
[WhiteTitle "GM"]
[BlackTitle "GM"]
[WhiteElo "2631"]
[BlackElo "2499"]
[WhiteTeam "KSz Stilon Gorzow Wlkp."]
[BlackTeam "KSz Miedz Legnica"]
[WhiteFideId "1130420"]
[BlackFideId "1106880"]
[EventDate "2018.06.08"]

1. Nf3 Nf6 2. g3 g6 3. Bg2 Bg7 4. d4 O-O 5. O-O d6 6. a4 Nbd7 7. a5 a6 8. Re1 e5
9. e4 exd4 10. Nxd4 Re8 11. Nc3 Nc5 12. h3 Bd7 13. Bf4 Qc8 14. Kh2 Nh5 15. Be3
Nf6 16. Bf4 Nh5 17. Be3 Nf6 18. f3 Re5 19. Nde2 Bc6 20. Qd2 Qf8 21. Nf4 h5 22.
Nd3 Ree8 23. Nb4 Rab8 24. Rab1 h4 25. g4 Nh7 26. Nbd5 Bxd5 27. Nxd5 c6 28. Nb6
Rbd8 29. b4 Ne6 30. f4 g5 31. fxg5 Be5+ 32. Kh1 Qg7 33. Rf1 Nexg5 34. Rf5 Bc3
35. Qd3 Re6 36. Bxg5 Nxg5 37. Rxg5 Qxg5 38. Qxc3 d5 39. Na4 dxe4 40. Nc5 Red6
41. Re1 Rd1 42. Nxe4 Rxe1+ 43. Qxe1 Qe5 44. Bf3 Rd4 45. Kg2 Qf4 46. Kf2 Kf8 47.
c3 Rd3 48. Qe2 Qh2+ 49. Bg2 Qf4+ 50. Bf3 Qh2+ 51. Kf1 Qxh3+ 52. Bg2 Qe3 53. Qxe3
Rxe3 54. Kf2 Rd3 55. Ke2 Rd7 56. Nc5 Re7+ 57. Be4 Kg7 58. Kf3 Kh6 59. Bf5 Rc7
60. Kf4 f6 61. Ne4 Kg7 62. Kf3 b6 63. axb6 Rb7 64. Kg2 Rxb6 65. Kh3 a5 66. bxa5
Ra6 67. Kxh4 Rxa5 68. Kg3 Kf7 69. Kf4 Ke7 70. Ke3 Rd5 71. Bc8 Rb5 72. Kd4 Rd5+
73. Kc4 Rb5 74. Bf5 Rd5 75. Kb4 Rb5+ 76. Kc4 Rd5 77. Kb3 Rb5+ 78. Kc2 Ra5 79. c4
Ra3 80. Kb2 Re3 81. c5 Kf7 82. Nc3 Ke7 83. Kb3 Re1 84. Kb4 Ra1 85. Ne2 Kd8 86.
Nd4 Kc7 87. Be4 Rg1 88. Bf3 Rf1 89. Kc4 Rc1+ 90. Kd3 Kc8 91. Nb3 Rb1 92. Kc2 Rf1
93. Nd4 Kc7 94. Bxc6 1-0

[Event "TCh-POL Ekstraliga 2018"]
[Site "Poland POL"]
[Date "2018.09.14"]
[Round "4.1"]
[Board "3"]
[White "Simacek, Pavel"]
[Black "Krasenkow, Michal"]
[Result "1-0"]
[WhiteTitle "GM"]
[BlackTitle "GM"]
[WhiteElo "2490"]
[BlackElo "2631"]
[WhiteTeam "KSz Miedz Legnica"]
[BlackTeam "KSz Stilon Gorzow Wlkp."]
[WhiteFideId "307165"]
[BlackFideId "1113100"]
[EventDate "2018.06.08"]

1. e4 g6 2. d4 Bg7 3. Nc3 c6 4. Nf3 d6 5. Be3 Nf6 6. h3 O-O 7. a4 a5 8. Bd3 Na6
9. O-O Nb4 10. Qd2 Qc7 11. Bh6 e5 12. Rad1 b6 13. Bxg7 Kxg7 14. Ne2 d5 15. dxe5
Nxe4 16. Qf4 Qe7 17. Bxe4 dxe4 18. Nfd4 Re8 19. c3 Nd5 20. Qxe4 Qxe5 21. Qxe5+
Rxe5 22. Nc1 Nf4 23. h4 c5 24. Nf3 Re4 25. Rd6 Rxa4 26. g3 Ne6 27. Rxb6 Ra1 28.
Nb3 Rxf1+ 29. Kxf1 a4 30. Nbd2 a3 31. bxa3 Rxa3 32. Rb3 Ba6+ 33. Kg2 Ra2 34. Rb6
Bd3 35. Rd6 c4 36. Rc6 Rc2 37. Nxc4 Be4 38. Ne3 Nd4 39. Rxg6+ fxg6 40. cxd4 Rc8
41. Nf1 Rc3 42. Nd2 Bc6 43. g4 h6 44. g5 h5 45. Kg3 Kf7 46. Kf4 Ke6 47. Ne5 Kd5
48. Ne4 Rc2 49. Ke3 Ke6 50. Nxg6 Bxe4 51. Kxe4 Rxf2 52. Nf4+ Kf7 53. Kf5 Rh2 54.
g6+ Kg8 55. d5 Rd2 56. Kf6 Rd1 57. Ke5 Re1+ 58. Kf5 Rd1 59. Kf6 Kf8 60. Kg5 Ke7
61. Kh6 Rg1 62. Ne6 Kf6 63. g7 1-0

[Event "TCh-POL Ekstraliga 2018"]
[Site "Poland POL"]
[Date "2018.09.14"]
[Round "4.1"]
[Board "4"]
[White "Heberla, Bartlomiej"]
[Black "Murdzia, Piotr"]
[Result "1/2-1/2"]
[WhiteTitle "GM"]
[BlackTitle "IM"]
[WhiteElo "2569"]
[BlackElo "2414"]
[WhiteTeam "KSz Stilon Gorzow Wlkp."]
[BlackTeam "KSz Miedz Legnica"]
[WhiteFideId "1115120"]
[BlackFideId "1105671"]
[EventDate "2018.06.08"]

1. d4 Nf6 2. c4 g6 3. Nc3 d5 4. cxd5 Nxd5 5. e4 Nxc3 6. bxc3 Bg7 7. Qa4+ Nd7 8.
Nf3 O-O 9. Be2 c5 10. O-O Nb6 11. Qd1 Bg4 12. Be3 Rc8 13. Rb1 cxd4 14. cxd4 Nc4
15. Bxc4 Rxc4 16. Rxb7 Bxf3 17. Qxf3 Bxd4 18. Qe2 Ra4 19. Qc2 Qa5 20. Bxd4 Rxd4
21. Rxe7 Ra4 22. Ra1 Qb4 23. Rb1 Rxa2 24. Rxb4 Rxc2 25. g3 a5 26. Rbb7 Rcc8 27.
Ra7 Rce8 28. Rxe8 Rxe8 29. f3 Re5 30. Kf2 g5 31. h4 h6 32. Kg2 gxh4 33. gxh4 f5
34. exf5 Rxf5 35. Kg3 Rb5 36. f4 h5 37. Kf3 Rb1 38. Rxa5 Rf1+ 39. Ke4 Kg7 40.
Kf5 Rh1 41. Ra7+ Kh6 42. Ra6+ Kg7 43. Kg5 Rg1+ 44. Kxh5 Kf7 45. Rb6 Kg7 46. Rb5
Kf6 47. Rg5 Rf1 48. Kg4 Rg1+ 49. Kf3 Rf1+ 50. Kg3 Rg1+ 51. Kf2 Rh1 52. Kg3 Rg1+
53. Kf3 Rf1+ 54. Kg4 Rg1+ 55. Kh5 Rf1 56. Rg6+ Kf7 57. Rg4 Kf6 58. Kh6 Rh1 59.
h5 Rh2 60. Rg6+ Kf5 61. Rg5+ Kf6 62. Ra5 Rh4 63. Ra6+ Kf7 64. Kg5 Rh1 65. Ra7+
Kg8 66. f5 Rb1 67. Kg6 Rg1+ 68. Kf6 Rb1 69. h6 Rh1 70. Ra8+ Kh7 71. Kf7 Rb1 72.
f6 Rb7+ 73. Kf8 Kg6 74. Kg8 Kxf6 75. Ra6+ Kg5 76. h7 Rb8+ 77. Kf7 Rb7+ 78. Kg8 1/2-1/2

[Event "TCh-POL Ekstraliga 2018"]
[Site "Poland POL"]
[Date "2018.09.14"]
[Round "4.1"]
[Board "5"]
[White "Sieciechowicz, Marcin"]
[Black "Kanarek, Marcel"]
[Result "1/2-1/2"]
[WhiteTitle "IM"]
[BlackTitle "GM"]
[WhiteElo "2410"]
[BlackElo "2505"]
[WhiteTeam "KSz Miedz Legnica"]
[BlackTeam "KSz Stilon Gorzow Wlkp."]
[WhiteFideId "1130170"]
[BlackFideId "1126822"]
[EventDate "2018.06.08"]

1. d4 Nf6 2. Nf3 g6 3. Bg5 Bg7 4. e3 O-O 5. Bd3 c5 6. Nbd2 d5 7. c3 b6 8. O-O
Bb7 9. Qe2 Ne4 10. Bf4 Nd7 11. a4 a6 12. h3 h6 13. Rfd1 Qc8 14. Rac1 c4 15. Bc2
b5 16. Nxe4 dxe4 17. Nd2 f5 18. b3 Bd5 19. bxc4 bxc4 20. Rb1 e5 21. Bh2 Qc6 22.
a5 exd4 23. exd4 Rfc8 24. Rb4 Bf8 25. Ba4 Qe6 26. Rb2 Bd6 27. Bxd6 Qxd6 28. Rb4
Nf6 29. Nxc4 Bxc4 30. Rxc4 Kg7 31. Rb1 Rab8 32. Rxb8 Rxb8 33. Qa2 Qf4 34. Rb4
Qc1+ 35. Kh2 Qxc3 36. Rxb8 Qc7+ 37. g3 Qxb8 38. Qe6 Qb4 39. Bb3 Qxd4 40. Qe7+
Kh8 41. Qf8+ Kh7 42. Qf7+ Kh8 43. Kg2 e3 44. Qf8+ Kh7 45. Qf7+ Kh8 46. fxe3 Qe4+
47. Kh2 Qc6 48. Kg1 Qc1+ 49. Kg2 Qc6+ 50. Kg1 Qc1+ 51. Kg2 Qc6+ 52. Kg1 1/2-1/2

[Event "TCh-POL Ekstraliga 2018"]
[Site "Poland POL"]
[Date "2018.09.14"]
[Round "4.1"]
[Board "6"]
[White "Szczepkowska, Karina"]
[Black "Kiolbasa, Oliwia"]
[Result "1/2-1/2"]
[WhiteTitle "IM"]
[BlackTitle "WIM"]
[WhiteElo "2412"]
[BlackElo "2193"]
[WhiteTeam "KSz Stilon Gorzow Wlkp."]
[BlackTeam "KSz Miedz Legnica"]
[WhiteFideId "1122681"]
[BlackFideId "1154613"]
[EventDate "2018.06.08"]

1. d4 d5 2. c4 dxc4 3. e3 e5 4. Bxc4 exd4 5. exd4 Nf6 6. Nf3 Bd6 7. Qe2+ Qe7 8.
Qxe7+ Bxe7 9. O-O O-O 10. Nc3 a6 11. Bf4 b5 12. Bb3 Bd6 13. Ne5 Bb7 14. Rfe1 Nc6
15. Nxc6 Bxf4 16. Ne5 Rad8 17. Rad1 g6 18. a4 b4 19. Na2 a5 20. Nc1 c5 21. Ncd3
Rxd4 22. Nxc5 Rxd1 23. Rxd1 Bxe5 24. Nxb7 Bxb2 25. Nxa5 Ne4 26. Nb7 Rc8 27. a5
Nc5 28. Bd5 Rc7 29. Nxc5 Rxc5 30. a6 Ra5 31. Bc4 b3 32. Rb1 Bd4 33. Rxb3 Ra1+
34. Bf1 Ra2 35. Rf3 Ra1 36. Rd3 Bc5 37. Rc3 Bd4 38. Rc2 Kg7 39. g4 h6 40. Kg2 f5
41. gxf5 gxf5 42. Rd2 Bc3 43. Rd6 Be5 44. Rd7+ Kf6 45. Bc4 Bb8 46. Rh7 Kg6 47.
Rb7 Be5 48. Rd7 Bb8 49. Bd3 Ra5 50. h3 Kg5 51. Kf3 Kf6 52. Ke3 Kg5 53. Rb7 Bd6
54. Rb5 Rxb5 55. Bxb5 Bc5+ 56. Kf3 f4 57. Ke2 Kf5 58. f3 Ke5 59. Kd3 Bg1 60. Be8
Bf2 61. Kc4 Bg1 62. h4 Bf2 63. Kd3 Kd5 64. Bf7+ Kc6 65. h5 Bh4 66. Ke4 Bg5 67.
Bc4 Kb6 68. Ke5 Ka7 69. Ke4 1/2-1/2

[Event "TCh-POL Ekstraliga 2018"]
[Site "Poland POL"]
[Date "2018.09.14"]
[Round "4.2"]
[Board "1"]
[White "Moranda, Wojciech"]
[Black "Klekowski, Maciej"]
[Result "1-0"]
[WhiteTitle "GM"]
[BlackTitle "IM"]
[WhiteElo "2601"]
[BlackElo "2509"]
[WhiteTeam "WIEZA PEGOW"]
[BlackTeam "TS Wisla Krakow"]
[WhiteFideId "1122401"]
[BlackFideId "1132717"]
[EventDate "2018.06.08"]

1. e4 c5 2. Nf3 Nc6 3. d4 cxd4 4. Nxd4 g6 5. Nc3 Bg7 6. Be3 Nf6 7. Bc4 O-O 8.
Bb3 d6 9. f3 Qa5 10. Qd2 Nxd4 11. Bxd4 Be6 12. O-O-O b5 13. Kb1 b4 14. Nd5 Bxd5
15. exd5 Qb5 16. Rhe1 a5 17. Qd3 Qxd3 18. cxd3 a4 19. Bc4 Rfe8 20. Bb5 Reb8 21.
Bc6 Ra5 22. Rxe7 Nxd5 23. Ra7 Bxd4 24. Rxa5 Ne3 25. Rc1 a3 26. bxa3 bxa3+ 27.
Rb5 Rxb5+ 28. Bxb5 Nxg2 29. Rc7 Ne3 30. Bc4 d5 31. Bb3 Be5 32. Re7 Bf4 33. h3
Kf8 34. Ra7 Bd6 35. Rd7 Be7 36. Bxd5 Ng2 37. Bc4 Nf4 38. d4 Ke8 39. Bb5 Nxh3 40.
d5 Nf4 41. d6 Bg5 42. Ra7+ Kf8 43. Bc4 h5 44. Rxf7+ Ke8 45. Rh7 h4 46. Kc2 h3
47. Kb3 Kf8 48. d7 1-0

[Event "TCh-POL Ekstraliga 2018"]
[Site "Poland POL"]
[Date "2018.09.14"]
[Round "4.2"]
[Board "2"]
[White "Matuszewski, Michal"]
[Black "Dziuba, Marcin"]
[Result "1-0"]
[WhiteTitle "IM"]
[BlackTitle "GM"]
[WhiteElo "2505"]
[BlackElo "2577"]
[WhiteTeam "TS Wisla Krakow"]
[BlackTeam "WIEZA PEGOW"]
[WhiteFideId "1129775"]
[BlackFideId "1112953"]
[EventDate "2018.06.08"]

1. d4 d5 2. Bf4 Nf6 3. e3 c5 4. dxc5 e6 5. b4 a5 6. c3 Bd7 7. Nd2 axb4 8. cxb4
b6 9. cxb6 Qxb6 10. a3 Ba4 11. Qb1 Nbd7 12. Ngf3 g6 13. Bg5 Bg7 14. Ra2 O-O 15.
Bd3 e5 16. e4 Ng4 17. O-O h6 18. Bh4 g5 19. Bg3 f5 20. exf5 Rae8 21. Be2 Ndf6
22. Bd1 Bb5 23. a4 Bxf1 24. Nxf1 e4 25. a5 Qa7 26. h3 exf3 27. hxg4 fxg2 28.
Kxg2 Ne4 29. Qd3 Nc3 30. Rc2 d4 31. Bf3 Qe7 32. Rb2 Qa7 33. Nd2 Kh8 34. Bd6 Rg8
35. Nc4 Qd7 36. Bg3 Re1 37. b5 h5 38. Qd2 hxg4 39. Bc6 Qe7 40. Bd6 Qe2 41. Qxe2
Nxe2 42. b6 d3 43. a6 Bxb2 44. Nxb2 d2 45. a7 Rb1 46. Ba4 Nf4+ 47. Bxf4 gxf4 48.
b7 Rxb2 49. a8=Q g3 50. Bd1 f3+ 51. Kg1 Kh7 52. fxg3 Rxg3+ 53. Kf2 1-0

[Event "TCh-POL Ekstraliga 2018"]
[Site "Poland POL"]
[Date "2018.09.14"]
[Round "4.2"]
[Board "4"]
[White "Tomczak, Mikolaj"]
[Black "Nguyen, Piotr"]
[Result "1/2-1/2"]
[WhiteTitle "FM"]
[BlackTitle "IM"]
[WhiteElo "2418"]
[BlackElo "2397"]
[WhiteTeam "TS Wisla Krakow"]
[BlackTeam "WIEZA PEGOW"]
[WhiteFideId "1175114"]
[BlackFideId "1127993"]
[EventDate "2018.06.08"]

1. d4 Nf6 2. Nf3 g6 3. c4 Bg7 4. g3 c5 5. Bg2 cxd4 6. Nxd4 Nc6 7. Nc3 O-O 8. Nc2
d6 9. O-O Be6 10. b3 Qd7 11. Bb2 Bh3 12. f3 Bxg2 13. Kxg2 e6 14. Qd2 Rad8 15.
Rad1 d5 16. cxd5 exd5 17. e3 Rfe8 18. Qf2 Qe7 19. Rfe1 h5 20. h3 Qc5 21. Na4 Qa5
22. Nd4 Nd7 23. Qd2 Qxd2+ 24. Rxd2 Nxd4 25. Bxd4 Bxd4 26. Rxd4 Ne5 27. Rd2 Nc6
28. Nc5 Re7 29. Kf2 f5 30. Red1 b6 31. Nd3 d4 32. exd4 Rxd4 33. Nf4 Rxd2+ 34.
Rxd2 Ne5 35. Nd5 Re6 36. Nc7 Rc6 37. Nb5 a6 38. Rd8+ Kf7 39. Nd4 Rc1 40. Rd6 Ra1
41. Ke3 Kg7 42. a4 b5 43. Rxa6 bxa4 44. bxa4 Re1+ 45. Kd2 Rg1 46. Re6 Nf7 47. a5
Ng5 48. Re3 Ra1 49. h4 Nf7 50. Nb3 Ra4 51. Re6 g5 52. hxg5 Nxg5 53. Re3 f4 54.
gxf4 Rxf4 55. Ke2 h4 56. Kf2 Ra4 57. Re2 1/2-1/2

[Event "TCh-POL Ekstraliga 2018"]
[Site "Poland POL"]
[Date "2018.09.14"]
[Round "4.2"]
[Board "5"]
[White "Hnydiuk, Aleksander"]
[Black "Mikrut, Dariusz"]
[Result "1-0"]
[WhiteTitle "IM"]
[BlackTitle "IM"]
[WhiteElo "2417"]
[BlackElo "2379"]
[WhiteTeam "WIEZA PEGOW"]
[BlackTeam "TS Wisla Krakow"]
[WhiteFideId "1109057"]
[BlackFideId "1112791"]
[EventDate "2018.06.08"]

1. d4 Nf6 2. Bf4 d6 3. Nc3 g6 4. e4 Bg7 5. Qd2 a6 6. Bh6 O-O 7. O-O-O b5 8. f3
Bxh6 9. Qxh6 b4 10. Nce2 c5 11. e5 Nd5 12. dxc5 dxe5 13. Ng3 e6 14. Bc4 Qe7 15.
Ne4 Nd7 16. Nh3 Bb7 17. Nhg5 f6 18. Nxe6 Qxe6 19. Qd2 Rac8 20. Bxd5 Bxd5 21.
Qxd5 Qxd5 22. Rxd5 f5 23. Nd6 Rxc5 24. Nxf5 gxf5 25. Rxd7 Rfc8 26. Rd2 e4 27.
fxe4 fxe4 28. Re1 Re8 29. Rd4 e3 30. Rxb4 Rg5 31. g3 Rf5 32. Rb3 e2 33. Kd2 Rf2
34. h3 Rh2 35. h4 Rg2 36. Re3 Rxe3 37. Kxe3 Rxg3+ 38. Kxe2 Rg4 39. Rh1 Rg2+ 40.
Kd3 Kf7 41. Rf1+ Ke6 42. Rf4 Ke5 43. Ra4 Rg6 44. Re4+ Kf5 45. Ra4 h5 46. Ra5+
Kg4 47. Rg5+ 1-0

[Event "TCh-POL Ekstraliga 2018"]
[Site "Poland POL"]
[Date "2018.09.14"]
[Round "4.3"]
[Board "1"]
[White "Bartel, Mateusz"]
[Black "Kuzmicz, Krystian"]
[Result "1/2-1/2"]
[WhiteTitle "GM"]
[BlackTitle "IM"]
[WhiteElo "2602"]
[BlackElo "2460"]
[WhiteTeam "KSz Polonia Wroclaw"]
[BlackTeam "Bialy Krol Wisznia Mala"]
[WhiteFideId "1112635"]
[BlackFideId "1119125"]
[EventDate "2018.06.08"]

1. Nf3 d6 2. e4 Nf6 3. Nc3 g6 4. d4 Bg7 5. Be3 c6 6. Qd2 b5 7. Bd3 Nbd7 8. Bh6
Bxh6 9. Qxh6 e5 10. O-O Qe7 11. Rfe1 Bb7 12. Rad1 Qf8 13. Qd2 a6 14. a4 Qe7 15.
axb5 axb5 16. d5 b4 17. dxc6 Bxc6 18. Nd5 Nxd5 19. Nd4 Rc8 20. Ba6 N5b6 21. Bxc8
exd4 22. Qxd4 O-O 23. Bxd7 Nxd7 24. Qxd6 Qxd6 25. Rxd6 Rc8 26. f3 Kf8 27. Ra1
Ke7 28. Rd4 Rb8 29. Ra6 Bb5 30. Ra5 Bc6 31. b3 Rb6 32. Kf2 Ke6 33. g4 Ne5 34. g5
Bb7 35. Rc5 Nc6 36. Rd2 Ra6 37. Rcd5 Bc8 38. f4 Ke7 39. f5 f6 40. gxf6+ Kxf6 41.
Rc5 Ne7 42. Rd6+ Kf7 43. fxg6+ hxg6 44. Rxa6 Bxa6 45. Ke3 Ke6 46. Ra5 Bc8 47.
Rg5 Kd6 48. h4 Be6 49. Kf4 Bf7 50. Rb5 Nc6 51. Kg5 Ke6 52. Kf4 Be8 53. Rc5 Kd6
54. Rc4 Ke6 55. Rc5 Kd6 56. Rd5+ Ke6 57. Rd1 Ke7 58. e5 Nd8 59. Rd6 Ne6+ 60. Kg4
Bd7 61. Rb6 Nd4+ 62. Kg5 Be8 63. Rxb4 Nxc2 64. Rb7+ Ke6 65. Rb8 Bf7 66. Kf4 Nd4
67. b4 Nc6 68. Rb6 Kd5 69. Rb5+ Kd4 70. Rb7 Bd5 71. b5 Nxe5 72. Re7 Nc4 73. Kg5
Be4 74. Re6 Kd5 75. Kf6 Bf5 76. Re1 Bc2 77. Rc1 Be4 78. Re1 Bc2 79. Rg1 Kc5 80.
Rxg6 Bxg6 81. Kxg6 Ne5+ 82. Kf6 Ng4+ 83. Kg5 Ne5 84. h5 Kxb5 85. Kf5 Nf7 86. Kf6
Nh6 87. Kg6 Ng4 88. h6 Nxh6 89. Kxh6 1/2-1/2